| 000 -LEADER |
| fixed length control field |
00575cam a2200193 a 4500 |
| 020 ## - INTERNATIONAL STANDARD BOOK NUMBER |
| ISBN |
2738427618 |
| 040 ## - CATALOGING SOURCE |
| Transcribing agency |
NIC |
| 041 1# - LANGUAGE CODE |
| Language code of original and/or intermediate translations of text |
khm |
| 082 00 - DEWEY DECIMAL CLASSIFICATION NUMBER |
| Classification number |
342 HAR 1994 A014 Or. |
| 100 1# - MAIN ENTRY--AUTHOR NAME |
| Personal name |
Gaillard, Maurice. |
| 245 10 - TITLE STATEMENT |
| Title |
Démocratie cambodgienne : |
| Remainder of title |
la constitution du 24 septembre 1993 / |
| 260 ## - PUBLICATION, DISTRIBUTION, ETC. (IMPRINT) |
| Place of publication |
Paris : |
| Name of publisher |
Harmattan, |
| Year of publication |
c1994. |
| 300 ## - PHYSICAL DESCRIPTION |
| Number of Pages |
186 p. ; |
| Dimensions |
22 cm. |
| 490 1# - SERIES STATEMENT |
| Series statement |
Collection Points sur l'Asie |
| 500 ## - GENERAL NOTE |
| General note |
Includes the text of the 1993 Constitution in non-official French translation. |
| 650 #0 - SUBJECT ADDED ENTRY--TOPICAL TERM |
| Topical Term |
Constitutional law |
| 710 12 - ADDED ENTRY--CORPORATE NAME |
| Corporate name or jurisdiction name as entry element |
Cambodia. |
| 942 ## - ADDED ENTRY ELEMENTS (KOHA) |
| Koha item type |
សៀវភៅភាសាបារាំង |
| 952 ## - LOCATION AND ITEM INFORMATION (KOHA) |
| Withdrawn status [LOCAL, KOHA] |
0 |